000 00406nam a2200169Ia 4500
008 221030s9999 xx 000 0 und d
020 _a8172246668
041 _aEnglish
082 _a105.23
_bLos
100 _aP. Loshin
245 0 _aElectronic Commerce
_cby P. Loshin, P. Murphy
260 _bJaico Pub.
_aMumbai
_c2000
300 _a316
650 _aBE Computer
700 _aP. Murphy
942 _cBK
999 _c7314
_d7314